| 000 | 00364nam a2200145Ia 4500 | ||
|---|---|---|---|
| 008 | 230711s9999||||xx |||||||||||||| ||und|| | ||
| 041 | _aENG | ||
| 082 |
_a510 _bAM-N |
||
| 100 | _aAnita H.M | ||
| 245 | 0 | _aNumerical methods for scientists and engineers | |
| 250 | _a1st Ed. | ||
| 260 |
_c1993 _aNew Delhi _bPradeep publishers |
||
| 650 | _aMathematics | ||
| 942 | _cBK | ||
| 999 |
_c2999 _d2999 |
||